| 000 | 00486nam a2200169Ia 4500 | ||
|---|---|---|---|
| 999 |
_c35349 _d35349 |
||
| 003 | OSt | ||
| 005 | 20201217121358.0 | ||
| 008 | 190216s9999||||xx |||||||||||||| ||und|| | ||
| 040 | _coclc | ||
| 082 |
_a491.443 _bNAV/N |
||
| 100 |
_aNavalagi _97627 |
||
| 245 | 0 |
_aNalanda Vishal Sabdha Sagar / _cNavalagi |
|
| 260 |
_bSradish Book Depot, _c1969. _aDelhi: |
||
| 300 | _a1100p | ||
| 650 | _aDictionary Of Hindi | ||
| 942 |
_cREF _2ddc _h491.443 _iNAV/N _k491.443 _mNAV/N |
||